Prefix Click Quiz: A - Statistics

General Stats
  • This quiz has been taken 223 times
  • The average score is 12 of 15
Answer Stats
Hint Answer % Correct
Water Aqu-
97%
Opposed to Anti-
92%
Spider Arachn-
92%
Ancient Archae-
87%
Friend Amic-
86%
Self Auto-
86%
Bird Avi-
86%
A (letter) Alph-
84%
Human Anthrop-
84%
Gold Aur-
83%
White Alb-
82%
Silver Argent-
77%
Bee Api-
75%
Male Andr-
66%
Love Agap-
53%
No matching quizzes found
Score Distribution
Percent of People with Each Score
Percentile by Number Answered
Your Score History
You have not taken this quiz